| 000 | 03078cam a2200481 i 4500 | ||
|---|---|---|---|
| 001 | 23762073 | ||
| 003 | JO-AjAnu | ||
| 005 | 20251011093428.0 | ||
| 007 | t| | ||
| 008 | 240703s2026 ilua b 001 0 eng | ||
| 010 | _a 2024024022 | ||
| 020 |
_a9781718216600 _qpaperback |
||
| 020 |
_z9781718216617 _qepub |
||
| 020 |
_z9781718216624 _qpdf |
||
| 035 | _a23762073 | ||
| 035 | _a(DLC)23762073 | ||
| 040 |
_aDLC _beng _erda _cDLC _dDLC _dDLC-MRC _dDLC _dJO-AjAnu |
||
| 041 |
_aeng _heng |
||
| 042 | _apcc | ||
| 050 | 0 | 0 |
_aGV885.35 _b.N39 2026 |
| 082 | 0 | 0 |
_a796.32307/7 _223 |
| 110 | 2 |
_aNational Basketball Strength & Conditioning Association _eauthor _4aut _4http://id.loc.gov/vocabulary/relators/aut _0http://id.loc.gov/authorities/names/n2024035874 _1http://id.loc.gov/rwo/agents/n2024035874 |
|
| 245 | 1 | 0 |
_aComplete conditioning for basketball / _cNational Basketball Strength & Conditioning Association ; Bill Foran, editor. |
| 264 | 1 |
_aChampaign, IL : _bHuman Kinetics, _c[2026] |
|
| 300 |
_aix, 334 pages _billustrations _c26 cm |
||
| 336 |
_atext _btxt _2rdacontent _0http://id.loc.gov/vocabulary/contentTypes/txt |
||
| 337 |
_aunmediated _bn _2rdamedia _0http://id.loc.gov/vocabulary/mediaTypes/n |
||
| 338 |
_avolume _bnc _2rdacarrier _0http://id.loc.gov/vocabulary/carriers/nc |
||
| 340 | _0http://id.loc.gov/vocabulary/millus/ill | ||
| 504 | _aIncludes bibliographical references and index. | ||
| 520 | _a"Complete Conditioning for Basketball helps coaches and players from high-school age and up assess their current conditioning levels and provides detailed instructions, photos, and illustrations covering movement preparation, mobility and flexibility, strength, core, power, speed and agility, and on-court conditioning exercises. It also covers recovery and returning to play after injury and provides several programming examples for athletes to incorporate into their training"-- Provided by publisher. | ||
| 650 | 0 |
_aBasketball _xTraining _0http://id.loc.gov/authorities/subjects/sh85012119 |
|
| 650 | 0 |
_aBasketball _xPhysiological aspects |
|
| 650 | 0 |
_aPhysical fitness _0http://id.loc.gov/authorities/subjects/sh85101540 |
|
| 700 | 1 |
_aForan, Bill _eeditor _4http://id.loc.gov/vocabulary/relators/edt _1http://id.loc.gov/rwo/agents/n94101822 |
|
| 758 | _1http://id.loc.gov/resources/instances/23762073 | ||
| 758 |
_4http://id.loc.gov/ontologies/bibframe/instanceOf _1http://id.loc.gov/resources/works/23762073 |
||
| 776 | 1 |
_iOnline version _4http://id.loc.gov/entities/relationships/onlineversion _aNational Basketball Strength & Conditioning Association _tComplete conditioning for basketball _dChampaign, IL: Human Kinetics, 2024 _h1 online resource _w(DLC) 2024024023 _z9781718216624 _z9781718216617 _z9781718216600 |
|
| 884 |
_aDLC bibframe2marc v2.10-dev _g20250502 _qDLC _uhttps://github.com/lcnetdev/bibframe2marc/releases/tag/v2.10-dev |
||
| 906 |
_a7 _bcbc _corignew _d1 _eecip _f20 _gy-gencatlg |
||
| 942 |
_2lcc _cBK _n0 |
||
| 999 |
_c34029 _d34029 |
||